|
|
|
|
| LEADER |
00000nta a2200000 i 4500 |
| 001 |
dolg39837 |
| 005 |
20221007104338.0 |
| 008 |
220610suuuu hu om 000 hun d |
| 040 |
|
|
|a BGE Dolgozattár Repozitórium
|b hun
|
| 041 |
|
|
|a hu
|
| 100 |
1 |
|
|a Nikowitz-Holló Márton
|
| 245 |
1 |
0 |
|a Magyar-délszláv gazdasági kapcsolatok 1990-től napjainkig
|b Szerb, horvát, szlovén aspektusok
|c Nikowitz-Holló Márton
|h [elektronikus dokumentum]
|
| 695 |
|
|
|a Délszláv konfliktus
|
| 695 |
|
|
|a Gazdasági kapcsolatok
|
| 700 |
1 |
|
|a Nincs adat Nincs adat
|e ths
|
| 856 |
4 |
0 |
|u http://dolgozattar.uni-bge.hu/39837/1/D_17282_JKNEI3%20-%20Nikowitz-Holl%C3%B3%20M%C3%A1rton%20P%C3%A9ter.pdf
|z Dokumentum-elérés
|